Laddar...

Land power and market : Bihar district under colonial rule, 1860-1947 /

Bibliografiska uppgifter
Huvudupphovsman: Pouchepadass, Jacques .
Materialtyp: Printed Book
Publicerad: New Delhi : Sage publication, 2000.
Ämnen:
LEADER 00553cam a2200157ua 4500
999 |c 33572  |d 33572 
020 |a 8170368715 
082 1 4 |a 338.109541  |b POU-L 
100 1 |a Pouchepadass, Jacques . 
245 1 0 |a Land power and market :  |b Bihar district under colonial rule, 1860-1947 /  
260 |a New Delhi :   |b Sage publication,   |c 2000. 
300 |a 574p.;  
650 0 |a land 
650 0 |a power  |a Peasants-Political-activity 
942 |c BK 
952 |0 0  |1 0  |4 0  |6 338_109541000000000_POUL  |7 0  |9 43010  |a KU  |b KU  |d 2015-07-05  |g 695.00  |l 0  |o 338.109541 POU-L  |p AN01722  |r 2015-07-05  |y BK